बीर कुँवर सिंह / (Record no. 215281)

MARC details
000 -LEADER
fixed length control field 00732nam a22001697a 4500
005 - DATE AND TIME OF LATEST TRANSACTION
control field 20260301162600.0
010 ## - LCCN (DPL NO)
LC control number BACCHHN26
020 ## - INTERNATIONAL STANDARD BOOK NUMBER
Terms of availability 595.00
International Standard Book Number 9789392862984
037 ## - SOURCE OF ACQUISITION
Source of stock number/acquisition एस.के.बुक ऐजेन्सी
082 ## - DEWEY DECIMAL CLASSIFICATION NUMBER
Classification number 920
100 ## - MAIN ENTRY--PERSONAL NAME
Personal name हेमन्त खरे
245 ## - TITLE STATEMENT
Title बीर कुँवर सिंह /
Statement of responsibility, etc हेमन्त खरे
260 ## - PUBLICATION, DISTRIBUTION, ETC. (IMPRINT)
Place of publication, distribution, etc नई दिल्ली
Name of publisher, distributor, etc एस.के.बुक ऐजेन्सी
Date of publication, distribution, etc 2025
270 ## - ADDRESS
Address 5 ए/12,शॉप नं.3, असारी रोड, दरियागंज
City नई दिल्ली
Postal code 110002
300 ## - PHYSICAL DESCRIPTION
Extent 128पृ.
Dimensions 22सेमी (सजिल्द)
942 ## - ADDED ENTRY ELEMENTS (KOHA)
Source of classification or shelving scheme Dewey Decimal Classification
Item type Children Books
Call number suffix हेमन्त
Classification part 920

No items available.


© Delhi Public Library
Hit Counter
free hit counter